Desert Superlatives - Statistics

General Stats
  • This quiz has been taken 51 times
  • The average score is 6 of 16
Answer Stats
Record Desert % Correct
Largest hot desert Sahara Desert
95%
Largest desert Antarctic Desert
85%
Driest desert Atacama Desert
68%
Largest desert to share its name with a dog breed Chihuahuan Desert
53%
Hot desert with the most coastline Namib Desert
53%
Desert with the most meerkats Kalahari Desert
50%
Fastest growing desert Gobi Desert
43%
Largest desert in Asia Arabian Desert
40%
Northernmost desert Arctic Desert
40%
Furthest south non-polar desert Patagonian Desert
35%
Desert with the highest recorded temperature (excluding satellite data) Mojave Desert
33%
Only desert in Europe Tabernas Desert
15%
Wettest desert Sonoran Desert
10%
Most populated desert Thar Desert
8%
Youngest desert Aralkum Desert
5%
Desert with the highest recorded temperature Lut Desert
5%
No matching quizzes found
Score Distribution
Percent of People with Each Score
Percentile by Number Answered
Your Score History
You have not taken this quiz